000 00497nam a2200181Ia 4500
001 25161
005 20260414151131.0
008 260414t2011||||xx |||||||||||||| ||spa||
041 _aESP
082 _a346.25
_bA41
100 _aAlfaro Valverde, Luis
_eAUT
245 0 _aLa indemnización en la separación de hecho :
_banálisis del formante jurisprudencial y doctrina
260 _c2011
300 _a223 páginas :
_c24 cm.
650 _aDER
654 _aCDE
942 _cLIB
_dJUS
_fJUS
_2ddc
_n
999 _c25161
_d25161